Databázové systémy : základy databázových systémov /

Další autoři: Matiaško, Karol
Jazyk: Slovenština
Vydáno: Žilina : Žilinská univerzita v Žiline, 2008
Vydání: 2. preprac. vyd.
Edice: Vedecké monografie
Témata:
Fyzický popis: 351 s. : il. ; 25 cm
Knihy
Uloženo v:
LEADER 01314nam a2200349 a 4500
001 000924518
003 CZ BrMZK
005 20090212082209.0
007 ta
008 081212s2008 xo a e p 001 0 slo
020 |a 978-80-8070-820-7  |q (váz.) 
040 |a BOA001  |b cze 
072 7 |a 004.4/.6  |x Programování. Software  |2 Konspekt  |9 23 
072 7 |a 37.016  |x Učební osnovy. Vyučovací předměty. Učebnice  |2 Konspekt  |9 22 
080 |a 004.65  |2 MRF 
080 |a (075.8)  |2 MRF 
245 0 0 |a Databázové systémy :  |b základy databázových systémov /  |c Karol Matiaško ... [et al.] 
250 |a 2. preprac. vyd. 
260 |a Žilina :  |b Žilinská univerzita v Žiline,  |c 2008 
300 |a 351 s. :  |b il. ;  |c 25 cm 
490 1 |a Vedecké monografie 
500 |a 500 výt. 
504 |a Obsahuje bibliografii a rejstřík 
541 |a Bratislava, Centrum vedecko-technických informácií SR 
650 0 7 |a databázové systémy  |7 ph114296  |2 czenas 
655 7 |a učebnice vysokých škol  |7 fd133772  |2 czenas 
700 1 |a Matiaško, Karol  |7 mzk2003171678  |4 aut 
810 2 |a Žilinská univerzita.  |t Vedecké monografie  |0 s 
910 2 |a BOA001  |b 3-1218.057 
990 |a BK 
991 |b 200902  |c NOV 
996 7 |b 2610366628  |c 3-1218.057  |l Vol.výběr  |r VV 0p  |n 46  |p vým.  |h 004.6 MAT  |w 000924518  |u 000010  |a 0  |e BOA001  |j MZK50  |s A